00632nam a2200193 a 4500003000900000005001700009007000300026008004100029040002500070082001500095245005000110260005800160300002000218590002700238910001400265942001300279952012900292999001700421DO-SdBNP20221019103732.0ta110629s19uu dr f 000 0 spa d aDO-SdBNPbspacBNPHU axxxxbxxxx00aEstatutos :bde la cooperativa agropecuaria / aSanto Domingo :bEscuela grafica Salesiana,c[19--]?. a31 p. ;c23 cm. aInventariado, 2022/ YL aYLockward 2ddccLF2 00102ddc51708DS-FaBNPHUbBNPHUcCTd2022-10-19eFlia. Reyes Dulucl0oxxxx xxxxp2022-4397r2022-10-19w2022-10-19yLF2 c52575d52575